Countries Three Borders Away From Russia - Statistics

General Stats
  • This quiz has been taken 23 times
  • The average score is 14 of 17
Answer Stats
Country % Correct
Austria
90%
Denmark
90%
Thailand
90%
Cambodia
85%
France
85%
Luxembourg
85%
Serbia
85%
Slovenia
85%
Bangladesh
80%
Belgium
80%
Bulgaria
80%
Croatia
80%
Netherlands
80%
Syria
80%
Greece
75%
Iraq
75%
Switzerland
75%
No matching quizzes found
Score Distribution
Percent of People with Each Score
Percentile by Number Answered
Your Score History
You have not taken this quiz